00593nam a2200193Ia 4500003000400000005001700004008004100021020003000062040001700092082002000109100001200129245006400141250005500205260003600260300002500296650003000321700002700351700002100378IIN20240102145334.0231217s9999 xx 000 0 und d cRs.3050.00a9789393553287 aIINbEnglish a610.73677 bSHA1 aBrunner aTextbook of Medical- Surgical NursingcBrunner and Suddarth a2nd South Asia edbSuresh K. Sharma and S. Madhavi bWolters KluweraNew Delhic2022 axxiv,1269p. / Vol. 11 aMedical SurgicalvNursing1 a Sharma, Suresh K. Ed.1 a Madhavi, S. Ed.